000 nam a22 a 4500
999 _c2193
_d2193
003 AKMAL
005 20170516161424.0
008 170515s1985 my f00 may d
040 _aAKMAL
082 0 4 _a354.59504 JPM
090 0 0 _a354.59504
_bJPM
110 1 _aMalaysia.
_bJabatan Perdana Menteri
_93179
245 1 0 _aArahan Keselamatan
260 _a(Kuala Lumpur :
_bJabatan Perdana Menteri,
_c1985)
300 0 0 _axi, 57ms. ;
_c26cm
650 0 _aSecurity classification (Government documents)
_zMalaysia
_94619
650 0 _aOfficial secrets
_zMalaysia
_94620
650 0 _aExecutive orders
_zMalaysia
_94621
942 _2ddc
_cBOOK
950 _lAKMAL